Statistics for Brands by US State

Click here to take the quiz!

General Stats

  • This quiz has been taken 199 times
  • The average score is 7 of 51

Answer Stats

StateBrand% Correct
CaliforniaApple
67%
GeorgiaCoca-Cola
58%
ArkansasWalmart
52%
WashingtonStarbucks
42%
MichiganGM
41%
OregonNike
36%
NevadaZappos
29%
ConnecticutGE
28%
ColoradoCoors
22%
PennsylvaniaHershey's
21%
VermontBen & Jerry's
15%
OhioWendy's
15%
North CarolinaBank of America
14%
TexasDr Pepper
13%
LouisianaTabasco
12%
MissouriAnheuser-Busch
11%
IllinoisCAT
11%
DelawareDuPont
11%
TennesseeFedEx
11%
New YorkVerizon
11%
MassachusettsGillette
10%
New JerseyCampbell's
9%
MaineL.L. Bean
9%
WisconsinHarley-Davidson
8%
MinnesotaPillsbury
8%
AlabamaSaks
8%
MarylandGEICO
7%
Rhode IslandHasbro
7%
OklahomaSonic
7%
VirginiaAOL
6%
North DakotaBobcat
6%
AlaskaCarrs
6%
South CarolinaDenny's
6%
KentuckyLexmark
6%
New HampshireTimberland
6%
IdahoAlbertsons
5%
NebraskaCabela's
5%
IndianaCummins
5%
FloridaHooters
5%
WyomingTaco John's
5%
New MexicoAllsup's
4%
ArizonaBest Western
4%
KansasGarmin
4%
West VirginiaGino's
4%
MontanaGreat Harvest
4%
IowaMaytag
4%
UtahSinclair
4%
South DakotaSuper 8
4%
D.C.C-SPAN
3%
HawaiiHawaiian Airlines
3%
MississippiPeavey
3%

Score Distribution

Percentile by Number Answered

Percent of People with Each Score

Your Score History

You have not taken this quiz